000 00962nas a2200313 4500
001 BR2016000007
003 BR-BrBNA
005 20231205130015.0
007 ta
008 230509b bl.|||p| |||| 00| 00por d
040 _aBR-BrBNA
_bpor
_cBiblioteca Nacional de Agricultura
041 _a(Pt)
072 _aJ11
100 1 _aSarmento, J.D.A.
100 1 _aMorais, P.L.D. de
100 1 _aAlmeida, M.L. B.
100 1 _aSilva, G.G. da
100 1 _aRocha, R. H.C.
100 1 _aMiranda, M.R.A. de
245 1 _aQualidade pós-colheita da banana Prata Catarina submetida a diferentes danos mecânicos e armazenamento refrigerado
650 _aBANANA
650 _aPÓS-COLHEITA
650 _aARMAZENAMENTO
650 _aREFRIGERAÇÃO
650 _aDANO MECÂNICO
773 0 _tCiência Rural (Brazil)
_xISSN 0103-8478
_g(Nov 2015), v. 45(11) p. 1946-1952
_wBR2016000007
909 _a202311
_bLúcia
_c55
_dLúcia Elande
942 _2AGRIS
_n0
_cANA
999 _c247401
_d247401